000 00700nam a2200301Ia 4500
005 20260127113256.0
008 008 260114s9999 xx 000 0 eng d
020 _a9781032095042
037 _aTextbook
040 _aPSDL
040 _beng
040 _cPSDL
041 _2eng
041 _aeng
084 _aV1:19 Q9
084 _qPSDL
100 _aShahi, Deepshikha
_91111635
245 0 _aAdvaita as a Global International Relations Theory
245 0 _cShahi, Deepshikha
260 _aLondon and New York
260 _bRoutledge
260 _c2019
300 _a170
942 _cTB
942 _hV1:19 Q9
999 _c1677812
_d1677812